| 000 | 01373cam a22003737a 4500 | ||
|---|---|---|---|
| 003 | CHAP | ||
| 005 | 20241119085450.0 | ||
| 008 | 050316s2004 mx r 00010 spa d | ||
| 010 | _a89841 | ||
| 011 | _a90813 | ||
| 035 | _a101370 | ||
| 040 | _cCHAP | ||
| 090 | _aTesis | ||
| 100 | 1 | 0 |
_aMorales Valderrama, Joaquín Gerardo _978436 |
| 245 | 1 | 3 |
_aLa cadena agroalimentaria del maíz comercial en Jalisco (1990 - 2000) : _breconversión de sus instituciones _c/por Joaquín Gerardo Morales Valderrama |
| 260 |
_aChapingo, Méx. : _bEl autor, _c2001. |
||
| 300 | _a312 p. | ||
| 502 | _aTesis (Dr. en Ciencias Sociales) -- Universidad de Guadalajara. Centro Universitario de Ciencias Sociales y Humanidades | ||
| 590 |
_aALEPH _b10 _c20130110 _lUCH01 _h1504 |
||
| 590 |
_aBATCH-UPD _b10 _c20130110 _lUCH01 _h0950 |
||
| 590 |
_aBATCH-UPD _b10 _c20130410 _lUCH01 _h0604 |
||
| 590 |
_aBATCH-UPD _b10 _c20130914 _lUCH01 _h0505 |
||
| 590 |
_aCONVERSION _b10 _c20130109 _lUCH01 _h1350 |
||
| 650 | 1 | 4 |
_aAyuda técnica. _99035 |
| 650 | 1 | 4 |
_aCrédito agrícola. _929022 |
| 650 | 1 | 4 |
_aMaíz _xAspectos económicos _xJalisco. _970871 |
| 650 | 1 | 4 |
_aMaíz _xIndustria. _970980 |
| 650 | 1 | 4 |
_aMaíz _xMercadeo. _971007 |
| 650 | 1 | 4 |
_aMaíz _xRendimiento. _971051 |
| 650 | 1 | 4 |
_aMaíz _zJalisco. _971096 |
| 901 | _aBK | ||
| 942 | _cTESIS | ||
| 949 |
_aTesis _bBC _cTES _d1013701 _eTS1 _h43458 _i101370 _sb |
||
| 999 |
_c89841 _d89841 |
||